Szczegóły MARC21

Na styku chrześcijaństwa i islamu : krucjaty i Cypr w latach 1191-1291 /

003 -Nazwa inst., której nr kontr. jest w polu 001 [,]
    • @
    • Nazwa instytucji, której n kontrolny jest w polu 001
    • NUKAT
005 -DATA I CZAS OSTATNIEJ MODYFIKACJI [,]
    • @
    • pole kontrolne
    • 20241231102639.0
020 -Międzynarod. znormalizowany nr książki - ISBN [ , ]
    • a
    • Numer ISBN
    • 9788388737442 Find
020 -Międzynarod. znormalizowany nr książki - ISBN [ , ]
    • a
    • Numer ISBN
    • 9788388737596 Find
040 -Instytucja sporządzająca opis [ , ]
    • a
    • Instytucja, która sporządziła opis (NP)
    • KR U/56AA
    • c
    • Instytucja, która sporządziła rekord (NP)
    • KR U/56AA
    • d
    • Instytucja, która zmodyfikowała rekord (P)
    • KR U/56MG
    • d
    • Instytucja, która zmodyfikowała rekord (P)
    • KR 295/MOs
    • d
    • Instytucja, która zmodyfikowała rekord (P)
    • GD PAN/EC
    • d
    • Instytucja, która zmodyfikowała rekord (P)
    • GD PAN/JSs
041 -Język dokumentu [0, ]
    • a
    • Język tekstu (P)
    • polski
    • b
    • Język streszczeń lub abstraktu (P)
    • angielski
942 -Rodzaj dokumentu [ , ]
    • c
    • Rodzaj dokumentu
    • Książka
100 -Hasło główne - nazwa osobowa [1, ]
    • a
    • Nazwa osobowa (NP)
    • Burkiewicz, Łukasz.
    • 9
    • KHW
    • 48397
245 -Strefa tytułu i oznaczenia odpowiedzialności [1,0]
    • a
    • Tytuł
    • Na styku chrześcijaństwa i islamu : Find
    • b
    • Ciąg dalszy tytułu (NP)
    • krucjaty i Cypr w latach 1191-1291 / Find
    • c
    • Pozostałe elementy strefy tytułu i oznaczenia odpowiedzialności (NP)
    • Łukasz Burkiewicz.
260 -Strefa adresu wydawniczego [ , ]
    • a
    • Miejsce wydania (P)
    • Kraków :
    • b
    • Nazwa wydawcy (P)
    • Towarzystwo Wydawnicze "Historia Iagellonica",
    • c
    • Data wydania (P)
    • 2008.
300 -Strefa opisu fizycznego [ , ]
    • a
    • Określenie formy książki i/lub objętość (NP)
    • 166 s., [8] s. tabl. :
    • b
    • Oznaczenie ilustracji (NP)
    • il. ;
    • c
    • Format (NP)
    • 21 cm.
336 -Typ zawartości [ , ]
    • a
    • Termin opisujący typ zawartości
    • Tekst
    • b
    • Kod określający zawartość
    • txt
    • 2
    • Źródło (terminu i kodu)
    • rdacontent
337 -Typ mediów [ , ]
    • a
    • Tryb odtwarzania
    • Bez urządzenia pośredniczącego
    • b
    • Kod typu mediów
    • n
    • 2
    • Źródło (terminu i kodu)
    • rdamedia
338 -Typ/rodzaj nośnika [ , ]
    • a
    • Hasło opisujące typ nośnika
    • Wolumin
    • b
    • Kod typu nośnika
    • nc
    • 2
    • Źródło (terminu i kodu)
    • rdacarrier
490 -Strefa serii i książki wielotomowej - forma nie do wyszukiwania [1, ]
    • a
    • Tytuł (P)
    • Wieki Średnie ; Find
    • v
    • Numeracja (P)
    • 2
830 -Hasło dodatkowe serii i opisu książki wielotomowej - tytuł ujednolicony/tytuł [ ,0]
    • a
    • Tytuł ujednolicony/tytuł (NP)
    • Wieki Średnie
    • 9
    • KHW
    • 48398
504 -Uwaga dot. bibliogr. załącznikowej [ , ]
    • a
    • Uwaga dot. bibliografii załącznikowej
    • Bibliogr. s. [143]-153. Indeks.
546 -Uwaga dot. języka [ , ]
    • a
    • Uwaga dot. języka
    • Streszcz. ang.
080 -Uniwersalna Klasyfikacja Dziesiętna [ , ]
    • 2
    • Identyfikator wydania tablic
    • UDC-P058
    • 9
    • UKD
    • 6995
    • a
    • Symbol klasyfikacji
    • 94(4)
    • b
    • Dopowiedzenie
    • Historia Europy.
    • 4
    • UKD2
    • 16666
    • x
    • Poddział wspólny
    • "11/12"
    • c
    • Dopowiedzenie poddz. wspólnego
    • Wiek XII/XIII.
080 -Uniwersalna Klasyfikacja Dziesiętna [ , ]
    • 2
    • Identyfikator wydania tablic
    • UDC-P058
    • 9
    • UKD
    • 7101
    • a
    • Symbol klasyfikacji
    • 94(564.3)
    • b
    • Dopowiedzenie
    • Cypr.
    • 4
    • UKD2
    • 16666
    • x
    • Poddział wspólny
    • "11/12"
    • c
    • Dopowiedzenie poddz. wspólnego
    • Wiek XII/XIII.
080 -Uniwersalna Klasyfikacja Dziesiętna [ , ]
    • 2
    • Identyfikator wydania tablic
    • UDC-P058
    • 9
    • UKD
    • 2647
    • a
    • Symbol klasyfikacji
    • 27-76
    • b
    • Dopowiedzenie
    • Misje chrześcijańskie. Misje krajowe i zagraniczne. Nawracanie. Ewangelizacja.
    • 4
    • UKD2
    • 16666
    • x
    • Poddział wspólny
    • "11/12"
    • c
    • Dopowiedzenie poddz. wspólnego
    • Wiek XII/XIII.
080 -Uniwersalna Klasyfikacja Dziesiętna [ , ]
    • 2
    • Identyfikator wydania tablic
    • UDC-P058
    • 9
    • UKD
    • 2694
    • a
    • Symbol klasyfikacji
    • 28
    • b
    • Dopowiedzenie
    • Islam.
    • 4
    • UKD2
    • 16666
    • x
    • Poddział wspólny
    • "11/12"
    • c
    • Dopowiedzenie poddz. wspólnego
    • Wiek XII/XIII.
650 -Hasło przedmiotowe [ ,7]
    • a
    • Hasło przedmiotowe
    • Wyprawy krzyżowe.
    • 2
    • Źródło terminu
    • kaba
    • 9
    • KHW
    • 136677
651 -Hasło przedmiotowe w formie nazwy geograficznej [ ,7]
    • a
    • Nazwa geograficzna
    • Cypr
    • y
    • Określnik chronologiczny
    • 1191-1571.
    • 2
    • Źródło terminu
    • kaba
    • 9
    • KHW
    • 105284
980 -Symbol UKD [ , ]
    • a
    • UKD
    • 94(4):94(564.3):27-76:28]"11/12"
920 -ISBN [ , ]
    • a
    • ISBN
    • 978-83-88737-44-2 Find
920 -ISBN [ , ]
    • a
    • ISBN
    • 978-83-88737-59-6 Find
Lokalizacja Data inwentaryzacji Sygnatura Numer inwentarzowy Status udost.
BNS2009-08-17H.18769H.187691